00637nam a2200181 a 450000500170000000800410001702000180005805000180007610000180009424500760011226000450018830000230023344000350025665000180029165000170030999900190032695201100034520140412111230.0020412s19uu xx 00 eng d a0-88705-577-X aERbHu86 1992 aLangley, Andy aThe hungry mice. /cstories: Andy Langley; illustrations: John Collins. aWilton, CT :bWishing Well Books,c1992. a1 v. (unp.) ; ill. aan enchanting window storybook aMicexFiction aPicture book c102138d102138 00104050aELbELcERd2002-04-12eDonationl0oER Hu86 1992pE0618r2014-04-12 00:00:00w2014-04-12yBK